[Event "Sao Jose dos Campos op"]
[Site "Sao Jose dos Campos"]
[Date "2022.09.11"]
[Round "7"]
[White "Bucci, Andrea Vidigal"]
[Black "Veronezi, Mateus"]
[Result "1/2-1/2"]
[WhiteElo "1765"]
[BlackElo "1369"]
[PlyCount "54"]
[EventDate "2022.09.08"]
[EventType "swiss"]
[EventRounds "7"]
[EventCountry "BRA"]
[SourceTitle "CBM 210 Extra"]
[Source "ChessBase"]
[SourceDate "2022.11.30"]
[SourceVersion "1"]
[SourceVersionDate "2022.11.30"]
[SourceQuality "1"]

1. e4 e5 2. Nf3 Nc6 3. Bc4 Nf6 4. d3 Bc5 5. 0-0 0-0 6. c3 d5 7. exd5 Nxd5 8. Qe2 Bg4 9. Nbd2 Nf4 10. Qe1 Bxf3 11. Nxf3 Nxd3 12. Bxd3 Qxd3 13. Nxe5 Nxe5 14. Qxe5 Bb6 15. Re1 Qd6 16. Qxd6 cxd6 17. Bf4 d5 18. Rad1 Rfe8 19. Kf1 Rxe1+ 20. Kxe1 Re8+ 21. Be3 Re7 22. Kd2 Bxe3+ 23. fxe3 f5 24. Rf1 g6 25. Rf4 Re4 26. Kd3 Kf7 27. b3 Kf6 1/2-1/2

[Event "Sao Jose dos Campos op"]
[Site "Sao Jose dos Campos"]
[Date "2022.09.08"]
[Round "1"]
[White "Jorge, Denrick Cabral Jose"]
[Black "Veronezi, Mateus"]
[Result "1-0"]
[WhiteElo "1892"]
[BlackElo "1369"]
[PlyCount "85"]
[EventDate "2022.09.08"]
[EventType "swiss"]
[EventRounds "7"]
[EventCountry "BRA"]
[SourceTitle "CBM 210 Extra"]
[Source "ChessBase"]
[SourceDate "2022.11.30"]
[SourceVersion "1"]
[SourceVersionDate "2022.11.30"]
[SourceQuality "1"]

1. e4 e5 2. f4 f5 3. exf5 e4 4. Qh5+ g6 5. fxg6 Nf6 6. g7+ Nxh5 7. gxh8Q Qh4+ 8. g3 Nxg3 9. hxg3 Qxh1 10. Qe5+ Be7 11. Qh8+ Bf8 12. Qd4 Nc6 13. Qf2 d5 14. d3 b6 15. Qg2 Qxg2 16. Bxg2 Nd4 17. Na3 Bxa3 18. bxa3 Nxc2+ 19. Kd2 Nxa1 20. Bb2 Bf5 21. Bxa1 Kf7 22. Be5 c5 23. Bh3 Bxh3 24. Nxh3 Rg8 25. Ng5+ Ke7 26. Nxh7 Rxg3 27. dxe4 dxe4 28. Ng5 Rxa3 29. f5 e3+ 30. Ke2 Rxa2+ 31. Kxe3 Kf8 32. f6 Rg2 33. Bd6+ Ke8 34. f7+ Kd7 35. f8Q Rxg5 36. Qe7+ Kc6 37. Qxg5 Kxd6 38. Ke4 Kc6 39. Qe7 a5 40. Qe8+ Kb7 41. Kd5 Ka6 42. Kc6 Ka7 43. Qc8 1-0

[Event "Mombaca op 6th"]
[Site "Mombaca"]
[Date "2022.08.20"]
[Round "3"]
[White "Veronezi, Mateus"]
[Black "De Paula, Luan Araujo"]
[Result "1/2-1/2"]
[WhiteElo "1800"]
[BlackElo "1758"]
[PlyCount "77"]
[EventDate "2022.08.19"]
[EventType "swiss"]
[EventRounds "6"]
[EventCountry "BRA"]
[SourceTitle "CBM 210 Extra"]
[Source "ChessBase"]
[SourceDate "2022.11.30"]
[SourceVersion "1"]
[SourceVersionDate "2022.11.30"]
[SourceQuality "1"]

1. e4 c5 2. Nf3 e6 3. Bc4 Nc6 4. 0-0 a6 5. Re1 b5 6. Bf1 d6 7. d3 Nf6 8. Bg5 Be7 9. c3 e5 10. Na3 Bb7 11. Nc2 Qb6 12. a3 0-0 13. g3 a5 14. Qd2 h6 15. Bxh6 Nd7 16. Bh3 f5 17. Bxf5 Rxf5 18. exf5 Nd8 19. Nh4 Bxh4 20. gxh4 Qc6 21. Re4 Nf7 22. Bg5 c4 23. f3 cxd3 24. Qxd3 Nc5 25. Qe2 Nxe4 26. Qxe4 Qb6+ 27. Qe3 Qxe3+ 28. Nxe3 Bxf3 29. Kf2 e4 30. Rg1 Ne5 31. Bf6 Nd3+ 32. Kf1 Ra7 33. Bd4 Rf7 34. Rg6 Kh7 35. Rxd6 Nxb2 36. Kf2 Nd1+ 37. Nxd1 Bxd1 38. Rd5 Ba4 39. Ke3 1/2-1/2